00716nam a2200205 a 450000100100000000500170001000800410002702000150006804000250008308200150010810000370012324500720016026000430023230000210027550000420029650400330033804900090037195201130038099900170049300002195420200930011522.0100915s2005 cu 000 0 spa d a9590607268 aDO-SdBNPbspacBNPHU axxxbF345a1 aFeraudy Espino, Heriberto94553610aDe la africanía en Cuba al ifaísmo /cHeriberto Feraudy Espino. aLa Habana :bCiencias Sociales,c2005. a183 p. ;c19 cm. aIncluye datos biográficos del autor aBibliografías : p. 181-183 aBNPD 001050718MOaGRbGRcCTd2010-09-15iLF1l0oxxx F345ap21954-10r2020-06-25w2020-06-25y1ZNo se presta c21452d21452